000 00324 a2200145 4500
001 152746
040 _cEscola São Tomás de Aquino
100 _aRIBEIRO, Jonas
240 1 0 _aCirco faz de conta
_lpor
245 1 0 _aCirco faz de conta
362 0 _a2016
440 1 _aEditora do Brasil
697 _aPoesia
942 _cBK
999 _c152746
_d152746